[Event "Juan Martinez Sola"]
[Site "UAL Almeria Spain"]
[Date "2015.12.19"]
[Round "3.6"]
[White "Rubio Tapia, Jose Juan"]
[Black "Arboledas Fernandez, Antonio A."]
[Result "0-1"]
[BlackElo "2102"]
[WhiteElo "2101"]
[LiveChessVersion "1.4.4"]

1. d4 {[%clk 1:30:57]} d5 {[%clk 1:29:54]} 2. c4 {[%clk 1:31:09]} c6
{[%clk 1:28:48]} 3. Nc3 {[%clk 1:30:43]} e6 {[%clk 1:27:14]} 4. e4
{[%clk 1:28:29]} dxe4 {[%clk 1:25:13]} 5. Nxe4 {[%clk 1:28:37]} Bb4+
{[%clk 1:25:32]} 6. Bd2 {[%clk 1:27:41]} Qxd4 {[%clk 1:10:35]} 7. Bxb4
{[%clk 1:25:43]} Qxe4+ {[%clk 1:10:56]} 8. Be2 {[%clk 1:25:20]} Na6
{[%clk 1:11:05]} 9. Ba5 {[%clk 1:22:02]} Bd7 {[%clk 1:05:30]} 10. Qd6
{[%clk 1:13:22]} Qxg2 {[%clk 0:52:57]} 11. O-O-O {[%clk 0:52:28]} Qg5+
{[%clk 0:50:01]} 12. Kb1 {[%clk 0:41:19]} Nf6 {[%clk 0:48:26]} 13. Bc3
{[%clk 0:29:19]} O-O-O {[%clk 0:45:38]} 14. Qa3 {[%clk 0:24:22]} c5
{[%clk 0:34:25]} 15. Ba5 {[%clk 0:15:06]} Bc6 {[%clk 0:30:09]} 16. Bxd8
{[%clk 0:10:28]} Be4+ {[%clk 0:29:32]} 17. Bd3 {[%clk 0:07:09]} Rxd8
{[%clk 0:29:31]} 18. Ne2 {[%clk 0:04:46]} Bxh1 {[%clk 0:29:22]} 19. Rxh1
{[%clk 0:03:55]} Qd2 {[%clk 0:29:18]} 20. Nc1 {[%clk 0:03:06]} Nb4
{[%clk 0:26:30]} 21. Be2 {[%clk 0:02:39]} Qc2+ {[%clk 0:26:15]} 22. Ka1
{[%clk 0:03:07]} Rd2 {[%clk 0:25:55]} 23. Bf3 {[%clk 0:02:24]} Qf5
{[%clk 0:25:21]} 0-1

[Event "Juan Martinez Sola"]
[Site "UAL Almeria Spain"]
[Date "2015.12.19"]
[Round "3.7"]
[White "Fuertes Romo, Jose Manuel"]
[Black "Nyland, Thomas"]
[Result "1-0"]
[BlackElo "2027"]
[WhiteElo "1997"]
[LiveChessVersion "1.4.4"]

1. e4 {[%clk 1:27:01]} e5 {[%clk 1:30:53]} 2. Nf3 {[%clk 1:26:31]} Nc6
{[%clk 1:31:17]} 3. Bb5 {[%clk 1:26:37]} Nf6 {[%clk 1:31:40]} 4. d3
{[%clk 1:26:57]} Bc5 {[%clk 1:31:59]} 5. c3 {[%clk 1:27:03]} O-O {[%clk 1:32:14]}
6. Nbd2 {[%clk 1:25:21]} d6 {[%clk 1:32:09]} 7. O-O {[%clk 1:24:51]} a6
{[%clk 1:30:39]} 8. Bxc6 {[%clk 1:20:14]} bxc6 {[%clk 1:30:49]} 9. h3
{[%clk 1:20:21]} Qe7 {[%clk 1:28:22]} 10. Re1 {[%clk 1:17:07]} Ba7
{[%clk 1:25:40]} 11. d4 {[%clk 1:09:33]} exd4 {[%clk 1:25:04]} 12. cxd4
{[%clk 1:09:37]} Rb8 {[%clk 1:18:25]} 13. Qc2 {[%clk 1:01:34]} Qd7
{[%clk 1:13:15]} 14. Nf1 {[%clk 0:50:39]} c5 {[%clk 1:07:01]} 15. e5
{[%clk 0:41:11]} Nd5 {[%clk 1:03:29]} 16. Qe4 {[%clk 0:37:47]} Nb4
{[%clk 1:00:16]} 17. Ne3 {[%clk 0:31:20]} cxd4 {[%clk 0:54:15]} 18. Ng5
{[%clk 0:26:32]} g6 {[%clk 0:54:23]} 19. Qh4 {[%clk 0:16:53]} f6 {[%clk 0:48:52]}
20. exf6 {[%clk 0:14:00]} dxe3 {[%clk 0:48:39]} 21. Bxe3 {[%clk 0:13:28]} Bxe3
{[%clk 0:45:06]} 22. Rxe3 {[%clk 0:13:35]} Nc6 {[%clk 0:36:18]} 23. Re7
{[%clk 0:12:56]} 1-0

[Event "Juan Martinez Sola"]
[Site "UAL Almeria Spain"]
[Date "2015.12.19"]
[Round "3.8"]
[White "Motos Abellan, Daniel"]
[Black "Perera Borrego, Mariela"]
[Result "0-1"]
[BlackElo "2158"]
[WhiteElo "1890"]
[LiveChessVersion "1.4.4"]

1. g4 d5 2. Bg2 c6 3. e3 e5 4. h3 Bd6 5. c4 dxc4 6. Nc3 Na6 7. Qa4 Nb4 8. a3 Nd3+
9. Kf1 Be6 10. Bxc6+ bxc6 11. Qxc6+ Ke7 12. Qb7+ Kf8 13. Nb5 Rb8 14. Qa6 Rb6 15.
Qa5 Qh4 16. Rh2 Qe7 17. Ne2 Nf6 18. Nxa7 Qb7 19. Nc3 Bd7 20. g5 Ne8 21. Ne4 Be7
22. Qc3 Qxe4 0-1

[Event "Juan Martinez Sola"]
[Site "UAL Almeria Spain"]
[Date "2015.12.19"]
[Round "4.1"]
[White "Perez Beltran, Jose Maria"]
[Black "Del Rio De Angelis, Salvador G."]
[Result "0-1"]
[BlackElo "2542"]
[WhiteElo "2023"]
[LiveChessVersion "1.4.4"]

1. e4 {[%clk 1:30:58]} d6 {[%clk 1:30:36]} 2. d4 {[%clk 1:31:17]} Nf6
{[%clk 1:30:46]} 3. Nc3 {[%clk 1:31:37]} e5 {[%clk 1:31:07]} 4. Nf3
{[%clk 1:31:23]} Nbd7 {[%clk 1:31:29]} 5. Bc4 {[%clk 1:30:47]} Be7
{[%clk 1:31:50]} 6. O-O {[%clk 1:31:01]} O-O {[%clk 1:32:10]} 7. a4
{[%clk 1:31:22]} a5 {[%clk 1:32:29]} 8. h3 {[%clk 1:27:53]} c6 {[%clk 1:32:47]}
9. Be3 {[%clk 1:27:27]} h6 {[%clk 1:29:19]} 10. Qe2 {[%clk 1:24:04]} Re8
{[%clk 1:27:17]} 11. Rfd1 {[%clk 1:22:16]} Qc7 {[%clk 1:26:55]} 12. dxe5
{[%clk 1:17:40]} dxe5 {[%clk 1:21:04]} 13. Nh4 {[%clk 1:11:03]} Nf8
{[%clk 1:16:57]} 14. Qf3 {[%clk 1:07:55]} Be6 {[%clk 1:07:31]} 15. Bxe6
{[%clk 1:06:37]} Nxe6 {[%clk 1:07:47]} 16. Nf5 {[%clk 1:06:50]} Rad8
{[%clk 0:54:49]} 17. Ne2 {[%clk 0:47:12]} Rxd1+ {[%clk 0:53:13]} 18. Rxd1
{[%clk 0:47:19]} Rd8 {[%clk 0:52:43]} 19. Neg3 {[%clk 0:43:30]} Bf8
{[%clk 0:49:56]} 20. c3 {[%clk 0:38:25]} Rxd1+ {[%clk 0:43:32]} 21. Qxd1
{[%clk 0:38:41]} Qd7 {[%clk 0:43:41]} 22. Qf3 {[%clk 0:33:53]} Qd8
{[%clk 0:43:59]} 23. Nf1 {[%clk 0:34:12]} Kh7 {[%clk 0:34:54]} 24. N5g3
{[%clk 0:31:50]} g6 {[%clk 0:33:17]} 25. Qe2 {[%clk 0:31:18]} Bc5
{[%clk 0:21:11]} 26. Bxc5 {[%clk 0:28:44]} Nxc5 {[%clk 0:21:35]} 27. Qc4
{[%clk 0:29:09]} Ne6 {[%clk 0:21:43]} 28. Qb3 {[%clk 0:26:12]} Qc7
{[%clk 0:22:06]} 29. Nd2 {[%clk 0:25:20]} Kg7 {[%clk 0:22:16]} 30. Nf3
{[%clk 0:24:59]} Nc5 {[%clk 0:21:53]} 31. Qc4 {[%clk 0:24:53]} Qd6
{[%clk 0:22:14]} 32. Kh2 {[%clk 0:22:22]} Nfd7 {[%clk 0:22:30]} 33. b4
{[%clk 0:21:20]} Qe6 {[%clk 0:20:13]} 34. Qxe6 {[%clk 0:20:28]} Nxe6
{[%clk 0:20:38]} 35. Ne2 {[%clk 0:20:43]} Kf6 {[%clk 0:19:24]} 36. Nd2
{[%clk 0:20:41]} Nb6 {[%clk 0:19:15]} 37. bxa5 {[%clk 0:20:44]} Nxa4
{[%clk 0:19:40]} 38. Kg3 {[%clk 0:20:06]} Nec5 {[%clk 0:19:01]} 39. Kf3
{[%clk 0:19:16]} Ke6 {[%clk 0:19:14]} 40. Ke3 {[%clk 0:17:55]} Nb2
{[%clk 0:19:39]} 41. f4 {[%clk 0:17:10]} Nd1+ {[%clk 0:19:01]} 42. Kf3
{[%clk 0:17:32]} Nd3 {[%clk 0:19:13]} 43. fxe5 {[%clk 0:16:02]} Nxe5+
{[%clk 0:19:24]} 44. Kg3 {[%clk 0:15:19]} Kd6 {[%clk 0:19:27]} 45. Nb3
{[%clk 0:14:51]} c5 {[%clk 0:19:09]} 46. Kf4 {[%clk 0:14:29]} Nd3+
{[%clk 0:19:08]} 47. Kg4 {[%clk 0:14:28]} N1b2 {[%clk 0:17:34]} 48. Kf3
{[%clk 0:12:20]} Nc4 {[%clk 0:16:39]} 49. Nf4 {[%clk 0:12:12]} Nce5+
{[%clk 0:13:26]} 50. Ke3 {[%clk 0:11:23]} Nxf4 {[%clk 0:13:44]} 51. Kxf4
{[%clk 0:11:44]} Nc6 {[%clk 0:14:12]} 52. c4 {[%clk 0:10:42]} f6 {[%clk 0:12:20]}
53. Ke3 {[%clk 0:09:35]} Ne5 {[%clk 0:12:40]} 54. Nd2 {[%clk 0:09:47]} h5
{[%clk 0:13:05]} 55. Kf4 {[%clk 0:09:17]} Nc6 {[%clk 0:12:17]} 56. Nb3
{[%clk 0:09:28]} Nd4 {[%clk 0:12:01]} 57. Nd2 {[%clk 0:09:42]} g5+
{[%clk 0:11:29]} 58. Ke3 {[%clk 0:09:10]} Ke5 {[%clk 0:11:48]} 59. g3
{[%clk 0:07:39]} h4 {[%clk 0:09:07]} 60. g4 {[%clk 0:06:22]} Nc6 {[%clk 0:09:03]}
61. Nb3 {[%clk 0:05:32]} Kd6 {[%clk 0:09:28]} 62. Ke2 {[%clk 0:03:41]} Ne5
{[%clk 0:07:52]} 63. Nd2 {[%clk 0:04:07]} Ng6 {[%clk 0:08:15]} 0-1

[Event "Juan Martinez Sola"]
[Site "UAL Almeria Spain"]
[Date "2015.12.19"]
[Round "4.2"]
[White "Ivanov, Sergey"]
[Black "Arboledas Fernandez, Antonio A."]
[Result "1-0"]
[BlackElo "2102"]
[WhiteElo "2556"]
[LiveChessVersion "1.4.4"]

1. d4 {[%clk 1:30:57]} e6 {[%clk 1:29:46]} 2. c4 {[%clk 1:31:12]} d5
{[%clk 1:28:54]} 3. Nc3 {[%clk 1:31:13]} c6 {[%clk 1:26:49]} 4. Nf3
{[%clk 1:31:01]} f5 {[%clk 1:26:57]} 5. Bf4 {[%clk 1:30:50]} Nf6 {[%clk 1:26:58]}
6. e3 {[%clk 1:31:11]} Bd6 {[%clk 1:26:59]} 7. Bd3 {[%clk 1:31:02]} O-O
{[%clk 1:27:03]} 8. O-O {[%clk 1:31:27]} Qc7 {[%clk 1:26:48]} 9. Bxd6
{[%clk 1:25:45]} Qxd6 {[%clk 1:27:03]} 10. Qc2 {[%clk 1:24:36]} Ne4
{[%clk 1:23:08]} 11. c5 {[%clk 1:19:47]} Qc7 {[%clk 1:23:02]} 12. b4
{[%clk 1:19:26]} Nd7 {[%clk 1:23:01]} 13. b5 {[%clk 1:12:53]} e5 {[%clk 1:22:36]}
14. Nxe5 {[%clk 1:06:12]} Nxe5 {[%clk 1:22:31]} 15. dxe5 {[%clk 1:06:21]} Qxe5
{[%clk 1:22:54]} 16. Ne2 {[%clk 1:05:15]} Qe7 {[%clk 1:18:47]} 17. bxc6
{[%clk 1:04:12]} bxc6 {[%clk 1:19:12]} 18. Nd4 {[%clk 1:04:17]} Rf6
{[%clk 1:18:15]} 19. Rac1 {[%clk 0:59:59]} Rh6 {[%clk 1:11:35]} 20. g3
{[%clk 0:53:03]} Qg5 {[%clk 0:58:13]} 21. f4 {[%clk 0:48:51]} Qh5
{[%clk 0:54:45]} 22. Qe2 {[%clk 0:47:42]} Qe8 {[%clk 0:50:16]} 23. Bxe4
{[%clk 0:45:09]} fxe4 {[%clk 0:48:47]} 24. f5 {[%clk 0:44:36]} Rb8
{[%clk 0:45:48]} 25. Rb1 {[%clk 0:41:31]} Rxb1 {[%clk 0:43:42]} 26. Rxb1
{[%clk 0:41:52]} Qe5 {[%clk 0:43:54]} 27. Qb2 {[%clk 0:37:37]} Rf6
{[%clk 0:38:34]} 28. Qb8 {[%clk 0:37:16]} Qe8 {[%clk 0:38:59]} 29. Qxa7
{[%clk 0:30:28]} Rf8 {[%clk 0:38:25]} 30. Qc7 h5 {[%clk 0:33:53]} 31. Rb8
{[%clk 0:25:13]} h4 {[%clk 0:33:44]} 32. Ne6 {[%clk 0:24:12]} 1-0

[Event "Juan Martinez Sola"]
[Site "UAL Almeria Spain"]
[Date "2015.12.19"]
[Round "4.3"]
[White "Zapata Lopez, Julio"]
[Black "Sanchez Jerez, Emilio Miguel"]
[Result "0-1"]
[BlackElo "2252"]
[WhiteElo "2020"]
[LiveChessVersion "1.4.4"]

1. d4 {[%clk 1:29:56]} g6 {[%clk 1:30:18]} 2. c4 {[%clk 1:30:05]} Bg7
{[%clk 1:30:15]} 3. e4 {[%clk 1:30:05]} d6 {[%clk 1:30:34]} 4. Nc3
{[%clk 1:30:12]} Nf6 {[%clk 1:30:47]} 5. f3 {[%clk 1:30:11]} O-O {[%clk 1:31:06]}
6. Nge2 {[%clk 1:29:01]} Nc6 {[%clk 1:31:11]} 7. Be3 {[%clk 1:29:07]} a6
{[%clk 1:31:21]} 8. Qd2 {[%clk 1:29:15]} Na5 {[%clk 1:30:55]} 9. Nc1
{[%clk 1:24:19]} Nd7 {[%clk 1:30:06]} 10. Nb3 {[%clk 1:21:53]} c5
{[%clk 1:27:31]} 11. Be2 {[%clk 1:20:41]} Nxb3 {[%clk 1:26:48]} 12. axb3
{[%clk 1:21:01]} cxd4 {[%clk 1:26:00]} 13. Bxd4 {[%clk 1:20:57]} Bxd4
{[%clk 1:24:32]} 14. Qxd4 {[%clk 1:21:16]} Nc5 {[%clk 1:24:45]} 15. Ra3
{[%clk 1:20:57]} e5 {[%clk 1:24:14]} 16. Qe3 {[%clk 1:20:12]} Ne6
{[%clk 1:20:29]} 17. Bd3 {[%clk 1:12:43]} Nf4 {[%clk 1:15:57]} 18. Kf2
{[%clk 1:08:57]} f5 {[%clk 1:09:35]} 19. Rd1 {[%clk 0:54:31]} Be6
{[%clk 0:53:56]} 20. Ne2 {[%clk 0:46:45]} Nxd3+ {[%clk 0:34:40]} 21. Qxd3
{[%clk 0:36:17]} Qh4+ {[%clk 0:33:24]} 22. Kg1 {[%clk 0:35:21]} fxe4
{[%clk 0:28:04]} 23. Qxe4 {[%clk 0:34:29]} Qxe4 {[%clk 0:27:11]} 24. fxe4
{[%clk 0:34:53]} Bg4 {[%clk 0:26:54]} 25. Re1 {[%clk 0:33:57]} Bxe2
{[%clk 0:26:52]} 26. Rxe2 {[%clk 0:34:17]} Kf7 {[%clk 0:26:49]} 27. Rf2+
{[%clk 0:28:41]} Ke6 {[%clk 0:26:55]} 28. Rxf8 {[%clk 0:28:23]} Rxf8
{[%clk 0:27:17]} 29. g3 {[%clk 0:28:02]} Rf3 {[%clk 0:19:34]} 30. b4
{[%clk 0:27:44]} Rxa3 {[%clk 0:18:54]} 31. bxa3 {[%clk 0:28:09]} b5
{[%clk 0:19:09]} 32. Kf2 {[%clk 0:23:13]} bxc4 {[%clk 0:17:10]} 33. Ke3
{[%clk 0:23:13]} d5 {[%clk 0:16:34]} 34. exd5+ {[%clk 0:23:24]} Kxd5
{[%clk 0:16:53]} 35. a4 {[%clk 0:23:27]} e4 {[%clk 0:13:38]} 36. Kd2
{[%clk 0:21:59]} g5 {[%clk 0:12:50]} 37. Kc3 {[%clk 0:19:37]} e3 {[%clk 0:12:35]}
38. g4 {[%clk 0:17:07]} Ke4 {[%clk 0:09:59]} 39. b5 {[%clk 0:15:40]} axb5
{[%clk 0:09:54]} 40. axb5 {[%clk 0:14:53]} Kd5 {[%clk 0:10:12]} 41. b6
{[%clk 0:14:20]} Kc6 {[%clk 0:10:29]} 42. Kxc4 {[%clk 0:13:28]} e2
{[%clk 0:10:40]} 43. Kd4 0-1

[Event "Juan Martinez Sola"]
[Site "UAL Almeria Spain"]
[Date "2015.12.19"]
[Round "4.4"]
[White "Alshameary Puente, Ismael"]
[Black "Misyura, Ilya"]
[Result "1/2-1/2"]
[BlackElo "1843"]
[WhiteElo "2351"]
[LiveChessVersion "1.4.4"]

1. d4 {[%clk 1:29:33]} Nf6 {[%clk 1:30:42]} 2. c4 {[%clk 1:28:22]} e6
{[%clk 1:31:00]} 3. g3 {[%clk 1:28:09]} d5 {[%clk 1:31:17]} 4. Nf3
{[%clk 1:28:34]} dxc4 {[%clk 1:31:15]} 5. Qa4+ {[%clk 1:28:52]} c6
{[%clk 1:31:25]} 6. Qxc4 {[%clk 1:28:57]} b5 {[%clk 1:31:45]} 7. Qb3
{[%clk 1:27:31]} Bb7 {[%clk 1:32:05]} 8. Bg2 {[%clk 1:27:48]} Nbd7
{[%clk 1:32:21]} 9. O-O {[%clk 1:27:44]} Be7 {[%clk 1:32:13]} 10. Nc3
{[%clk 1:24:58]} O-O {[%clk 1:32:20]} 11. Bf4 {[%clk 1:24:31]} a6
{[%clk 1:31:47]} 12. Ne5 {[%clk 1:02:52]} Qb6 {[%clk 1:31:02]} 13. Ne4
{[%clk 0:42:25]} c5 {[%clk 1:28:33]} 14. Rac1 {[%clk 0:29:24]} Rac8
{[%clk 1:24:56]} 15. Nc4 {[%clk 0:25:31]} Qa7 {[%clk 1:17:03]} 16. Nxf6+
{[%clk 0:24:27]} Nxf6 {[%clk 1:17:04]} 17. Bxb7 {[%clk 0:24:11]} Qxb7
{[%clk 1:08:20]} 18. dxc5 {[%clk 0:18:57]} Rxc5 {[%clk 1:01:23]} 19. Nd6
{[%clk 0:18:46]} Qc6 {[%clk 1:00:12]} 20. Rxc5 {[%clk 0:18:35]} Qxc5
{[%clk 1:00:37]} 21. Rc1 {[%clk 0:18:32]} Qh5 {[%clk 0:59:40]} 22. Qf3
{[%clk 0:14:19]} Ng4 {[%clk 0:51:59]} 23. h4 {[%clk 0:14:43]} e5 {[%clk 0:51:37]}
24. Nc8 {[%clk 0:13:57]} Bxh4 {[%clk 0:50:07]} 25. Bxe5 {[%clk 0:13:12]} Bg5
{[%clk 0:49:32]} 26. Bf4 {[%clk 0:11:43]} Bxf4 {[%clk 0:46:55]} 27. Ne7+
{[%clk 0:12:06]} Kh8 {[%clk 0:47:21]} 28. gxf4 {[%clk 0:12:30]} Qh2+
{[%clk 0:47:28]} 29. Kf1 {[%clk 0:12:54]} Qh4 {[%clk 0:47:10]} 30. Kg2
{[%clk 0:11:31]} Qh2+ {[%clk 0:45:51]} 31. Kf1 {[%clk 0:11:53]} Qh4
{[%clk 0:46:06]} 32. Kg2 {[%clk 0:12:17]} Qh2+ 1/2-1/2

[Event "Juan Martinez Sola"]
[Site "UAL Almeria Spain"]
[Date "2015.12.19"]
[Round "4.5"]
[White "Fenollar Jorda, Manuel"]
[Black "Fuertes Romo, Jose Manuel"]
[Result "1/2-1/2"]
[BlackElo "1997"]
[WhiteElo "2368"]
[LiveChessVersion "1.4.4"]

1. d4 Nf6 2. Nf3 g6 3. Nc3 d5 4. Bf4 c6 5. Qd2 b5 6. e3 Bg7 7. Be2 Bf5 8. O-O O-O
9. Ne5 Nfd7 10. Nd3 Bxd3 11. cxd3 a5 12. Bg4 Re8 13. Bg3 e5 14. dxe5 Nxe5 15.
Bxe5 Bxe5 16. d4 Bd6 17. Rac1 f5 18. Bf3 Kg7 19. Ne2 Ra7 20. Rc2 Rae7 21. Nc1 Bb4
22. Qd3 Bd6 23. g3 Qb6 24. Qd2 Bb4 25. Qd1 Bd6 26. Nd3 Na6 27. Qe2 Nb4 28. Nxb4
axb4 29. Rfc1 Rc7 30. Qd3 Ra8 31. b3 Rf8 32. h4 h5 33. Kg2 Rf6 34. Qd2 Rf8 35.
Bd1 Rf6 36. Bf3 1/2-1/2

[Event "Juan Martinez Sola"]
[Site "UAL Almeria Spain"]
[Date "2015.12.19"]
[Round "4.6"]
[White "Perera Borrego, Mariela"]
[Black "Rubio Tapia, Jose Juan"]
[Result "1-0"]
[BlackElo "2101"]
[WhiteElo "2158"]
[LiveChessVersion "1.4.4"]

1. d4 {[%clk 1:30:56]} Nf6 {[%clk 1:30:51]} 2. c4 {[%clk 1:31:22]} g6
{[%clk 1:31:11]} 3. Nc3 {[%clk 1:31:47]} Bg7 {[%clk 1:31:34]} 4. e4
{[%clk 1:32:11]} d6 {[%clk 1:31:51]} 5. Nf3 {[%clk 1:32:35]} O-O {[%clk 1:32:13]}
6. h3 {[%clk 1:33:02]} e5 {[%clk 1:30:34]} 7. d5 {[%clk 1:33:23]} Nbd7
{[%clk 1:29:07]} 8. Be3 {[%clk 1:33:37]} Nc5 {[%clk 1:26:47]} 9. Nd2
{[%clk 1:33:39]} a5 {[%clk 1:20:35]} 10. g4 {[%clk 1:32:15]} Ne8 {[%clk 1:17:15]}
11. Rg1 {[%clk 1:22:55]} Kh8 {[%clk 1:16:27]} 12. h4 {[%clk 1:10:42]} Qxh4
{[%clk 1:12:43]} 13. Nf3 {[%clk 0:58:15]} Qe7 {[%clk 1:11:08]} 14. Qd2
{[%clk 0:57:06]} f5 {[%clk 1:06:09]} 15. gxf5 {[%clk 0:51:45]} gxf5
{[%clk 1:06:03]} 16. exf5 {[%clk 0:44:05]} Bxf5 {[%clk 1:05:10]} 17. O-O-O
{[%clk 0:41:55]} Bg6 {[%clk 0:52:42]} 18. Ng5 {[%clk 0:26:47]} Bf6
{[%clk 0:45:14]} 19. Be2 {[%clk 0:21:13]} Ng7 {[%clk 0:43:07]} 20. Rg2
{[%clk 0:13:25]} Nf5 {[%clk 0:28:47]} 21. Bxc5 {[%clk 0:09:34]} Bxg5
{[%clk 0:25:36]} 22. Rxg5 {[%clk 0:09:23]} dxc5 {[%clk 0:25:36]} 23. Rdg1
{[%clk 0:08:29]} Nd4 {[%clk 0:16:36]} 24. Qe3 {[%clk 0:08:16]} Bf5
{[%clk 0:14:35]} 25. Rg7 {[%clk 0:06:51]} Qf6 {[%clk 0:10:18]} 26. Rxc7
{[%clk 0:05:10]} Bg6 {[%clk 0:08:08]} 27. Bd1 {[%clk 0:02:51]} Rae8
{[%clk 0:05:50]} 28. Rg2 {[%clk 0:01:15]} b6 {[%clk 0:05:27]} 29. Qh6
{[%clk 0:01:09]} Rf7 {[%clk 0:03:37]} 30. Rxg6 {[%clk 0:01:14]} Qxf2
{[%clk 0:02:44]} 31. Rxf7 {[%clk 0:01:30]} Qxf7 {[%clk 0:03:02]} 32. Rf6
{[%clk 0:01:39]} 1-0

[Event "Juan Martinez Sola"]
[Site "UAL Almeria Spain"]
[Date "2015.12.19"]
[Round "4.7"]
[White "Nyland, Thomas"]
[Black "Gil Quilez, Sonia"]
[Result "0-1"]
[BlackElo "2028"]
[WhiteElo "2027"]
[LiveChessVersion "1.4.4"]

1. Nf3 {[%clk 1:29:46]} Nf6 {[%clk 1:30:13]} 2. c4 {[%clk 1:29:53]} g6
{[%clk 1:30:06]} 3. d4 {[%clk 1:30:17]} Bg7 {[%clk 1:30:25]} 4. g3
{[%clk 1:30:38]} O-O {[%clk 1:30:19]} 5. Bg2 {[%clk 1:31:02]} d5 {[%clk 1:27:23]}
6. cxd5 {[%clk 1:30:37]} Nxd5 {[%clk 1:27:49]} 7. e4 {[%clk 1:29:56]} Nb6
{[%clk 1:28:04]} 8. O-O {[%clk 1:29:05]} Bg4 {[%clk 1:27:05]} 9. Be3
{[%clk 1:25:12]} Nc6 {[%clk 1:25:34]} 10. e5 {[%clk 1:23:27]} Qd7
{[%clk 1:15:27]} 11. Nbd2 {[%clk 1:09:11]} Rad8 {[%clk 1:14:42]} 12. Qb3
{[%clk 1:08:02]} Be6 {[%clk 1:09:02]} 13. Qd1 {[%clk 1:03:46]} Nc4
{[%clk 1:07:52]} 14. b3 {[%clk 0:53:46]} Nxd2 {[%clk 1:06:54]} 15. Qxd2
{[%clk 0:54:02]} Bd5 {[%clk 1:05:31]} 16. Rac1 {[%clk 0:49:56]} Qg4
{[%clk 0:55:46]} 17. h3 {[%clk 0:46:15]} Qc8 {[%clk 0:55:31]} 18. Qc3
{[%clk 0:43:07]} Rd7 {[%clk 0:49:41]} 19. Ng5 {[%clk 0:41:21]} Bxg2
{[%clk 0:44:50]} 20. Kxg2 {[%clk 0:41:44]} Rd5 {[%clk 0:39:41]} 21. Qc4
{[%clk 0:37:49]} Rfd8 {[%clk 0:38:07]} 22. b4 {[%clk 0:35:25]} h6
{[%clk 0:35:19]} 23. Nf3 {[%clk 0:34:57]} a6 {[%clk 0:28:20]} 24. a4
{[%clk 0:35:01]} R8d7 {[%clk 0:27:14]} 25. e6 {[%clk 0:31:29]} fxe6
{[%clk 0:24:27]} 26. b5 {[%clk 0:28:22]} axb5 {[%clk 0:22:59]} 27. axb5
{[%clk 0:28:43]} Nxd4 {[%clk 0:22:01]} 28. Nxd4 {[%clk 0:27:50]} Bxd4
{[%clk 0:21:56]} 29. Bxh6 {[%clk 0:21:15]} Kh7 {[%clk 0:19:18]} 30. Be3
{[%clk 0:18:51]} e5 {[%clk 0:17:05]} 31. Rfe1 {[%clk 0:18:07]} Qf8
{[%clk 0:16:41]} 32. Bxd4 {[%clk 0:11:44]} exd4 {[%clk 0:16:45]} 33. Re4
{[%clk 0:09:29]} d3 {[%clk 0:11:56]} 34. Rh4+ {[%clk 0:07:46]} Kg7
{[%clk 0:12:09]} 35. Rf4 {[%clk 0:05:52]} Rf5 {[%clk 0:11:32]} 36. Qe6
{[%clk 0:03:47]} Rxf4 {[%clk 0:09:36]} 37. gxf4 {[%clk 0:04:10]} d2
{[%clk 0:09:31]} 38. Rd1 {[%clk 0:03:34]} Rd6 {[%clk 0:08:57]} 39. Qe3
{[%clk 0:02:34]} Qd8 {[%clk 0:08:15]} 40. Qc3+ {[%clk 0:01:41]} Kh7
{[%clk 0:07:54]} 41. Qe3 {[%clk 0:00:33]} Qd7 {[%clk 0:07:09]} 42. Qg3
{[%clk 0:00:32]} Qe6 {[%clk 0:05:30]} 43. Qh4+ {[%clk 0:00:42]} Kg8
{[%clk 0:04:57]} 44. Qg3 {[%clk 0:00:40]} Qe4+ {[%clk 0:03:42]} 45. Qf3
{[%clk 0:00:47]} Qxf3+ {[%clk 0:02:31]} 46. Kxf3 {[%clk 0:01:11]} c5
{[%clk 0:02:26]} 47. bxc6 {[%clk 0:00:48]} bxc6 {[%clk 0:02:50]} 48. Ke2
{[%clk 0:00:54]} Kf7 {[%clk 0:03:11]} 49. Rxd2 {[%clk 0:00:34]} Rxd2+
{[%clk 0:03:30]} 50. Kxd2 {[%clk 0:01:00]} Kf6 {[%clk 0:03:57]} 51. Ke3
{[%clk 0:00:56]} Kf5 {[%clk 0:03:51]} 52. Kd4 {[%clk 0:01:06]} Kxf4
{[%clk 0:03:51]} 53. Kc5 {[%clk 0:01:25]} Kf3 {[%clk 0:04:17]} 54. Kxc6
{[%clk 0:01:45]} Kxf2 {[%clk 0:04:40]} 0-1

[Event "Juan Martinez Sola"]
[Site "UAL Almeria Spain"]
[Date "2015.12.19"]
[Round "4.8"]
[White "Motos Abellan, Daniel"]
[Black "Hernandez Munoz, Antonio Ramon"]
[Result "0-1"]
[BlackElo "2185"]
[WhiteElo "1890"]
[LiveChessVersion "1.4.4"]

1. d4 Nf6 2. c4 g6 3. Nc3 d5 4. cxd5 Nxd5 5. Bd2 Nb6 6. Bf4 Bg7 7. e4 O-O 8. Nf3
Bg4 9. d5 c6 10. Bxb8 Rxb8 11. dxc6 bxc6 12. Be2 Bxf3 13. gxf3 Qc7 14. Qc2 Rfd8
15. Rd1 Qf4 16. Rd2 Bd4 17. Nd1 c5 18. b3 Nd7 19. Ne3 Qh4 20. Nd1 Ne5 21. O-O
Bxf2+ 22. Kh1 Bg3 23. Bc4 Bf4 24. Rdf2 e6 25. Nc3 Nc6 26. Qb2 Rd4 27. Nb5 Rd7 28.
Rg2 Rbd8 29. Rfg1 Rd2 30. Qc3 Qxh2+ 0-1

[Event "Juan Martinez Sola"]
[Site "UAL Almeria Spain"]
[Date "2015.12.19"]
[Round "5.1"]
[White "Del Rio De Angelis, Salvador G."]
[Black "Ivanov, Sergey"]
[Result "1/2-1/2"]
[BlackElo "2556"]
[WhiteElo "2542"]
[LiveChessVersion "1.4.4"]

1. d4 {[%clk 1:30:43]} Nf6 {[%clk 1:30:51]} 2. c4 {[%clk 1:30:58]} e6
{[%clk 1:31:14]} 3. Nc3 {[%clk 1:31:07]} d5 {[%clk 1:31:31]} 4. Nf3
{[%clk 1:31:07]} c6 {[%clk 1:31:48]} 5. g3 {[%clk 1:31:01]} dxc4 {[%clk 1:31:05]}
6. Bg2 {[%clk 1:31:22]} Nbd7 {[%clk 1:31:22]} 7. a4 {[%clk 1:31:20]} Bb4
{[%clk 1:31:25]} 8. O-O {[%clk 1:31:11]} O-O {[%clk 1:31:50]} 9. Qc2
{[%clk 1:31:04]} a5 {[%clk 1:27:58]} 10. Nd1 {[%clk 1:30:16]} Qe7
{[%clk 1:22:42]} 11. Ne3 {[%clk 1:29:22]} b5 {[%clk 1:20:27]} 12. Ne5
{[%clk 1:26:29]} Nxe5 {[%clk 1:19:05]} 13. dxe5 {[%clk 1:26:52]} Nd5
{[%clk 1:19:20]} 14. axb5 {[%clk 1:26:57]} cxb5 {[%clk 1:19:19]} 15. Bxd5
{[%clk 1:26:54]} exd5 {[%clk 1:19:32]} 16. Nxd5 {[%clk 1:27:16]} Qxe5
{[%clk 1:01:18]} 17. Nxb4 {[%clk 1:16:11]} Bh3 {[%clk 1:01:31]} 18. Nc6
{[%clk 1:16:28]} Qc5 {[%clk 0:54:20]} 19. Qe4 {[%clk 1:15:44]} Bxf1
{[%clk 0:53:07]} 20. Be3 {[%clk 1:14:37]} Qd6 {[%clk 0:50:40]} 21. Kxf1
{[%clk 1:14:24]} Rfe8 {[%clk 0:49:23]} 22. Qf3 {[%clk 1:12:18]} b4
{[%clk 0:47:07]} 23. Rxa5 {[%clk 1:10:44]} Rxa5 {[%clk 0:45:41]} 24. Nxa5
{[%clk 1:11:10]} c3 {[%clk 0:44:52]} 25. bxc3 {[%clk 1:10:36]} bxc3
{[%clk 0:44:11]} 26. Kg2 {[%clk 1:10:09]} Qe6 {[%clk 0:38:35]} 27. Qb7
{[%clk 1:09:17]} h5 {[%clk 0:34:13]} 28. h4 {[%clk 0:57:10]} Qg4 {[%clk 0:33:09]}
29. Qc6 {[%clk 0:55:25]} Rc8 {[%clk 0:26:32]} 30. Qb7 {[%clk 0:52:19]} Re8
{[%clk 0:24:07]} 31. Qc6 {[%clk 0:52:37]} Rc8 {[%clk 0:24:08]} 32. Qb7
{[%clk 0:53:01]} Re8 {[%clk 0:22:51]} 33. Qc6 {[%clk 0:53:25]} 1/2-1/2